Strengthen your communication / (Record no. 25334)

MARC details
000 -LEADER
fixed length control field 00745nam a22002057a 4500
008 - FIXED-LENGTH DATA ELEMENTS--GENERAL INFORMATION
fixed length control field 090318t xxu||||| |||| 00| 0 eng d
010 ## - LCCN (DPL NO)
LC control number ENG-93235
020 ## - INTERNATIONAL STANDARD BOOK NUMBER
Terms of availability 80.00
International Standard Book Number 9788190715270
035 ## - SYSTEM CONTROL NUMBER
System control number EN-76768
037 ## - SOURCE OF ACQUISITION
Source of stock number/acquisition DBAD / PUB
040 ## - CATALOGING SOURCE
Original cataloging agency dpl
Language of cataloging English
082 ## - DEWEY DECIMAL CLASSIFICATION NUMBER
Classification number 485
100 ## - MAIN ENTRY--PERSONAL NAME
Personal name Arumairaj, A. Athisayam
245 ## - TITLE STATEMENT
Title Strengthen your communication /
Statement of responsibility, etc by A. Athisayam Arumairaj
260 ## - PUBLICATION, DISTRIBUTION, ETC. (IMPRINT)
Date of publication, distribution, etc 2008
Place of publication, distribution, etc Chennai
Name of publisher, distributor, etc Vizhichudar Pathippagam
270 ## - ADDRESS
Address 38, Bharathi Nagar, Muthanmai Salai,
City Chennai
Postal code 600099
300 ## - PHYSICAL DESCRIPTION
Extent 122p.
Dimensions 20cm (pbk)
942 ## - ADDED ENTRY ELEMENTS (KOHA)
Source of classification or shelving scheme Dewey Decimal Classification
Item type English Books
Call number suffix ARU
Classification part 485
Holdings
Withdrawn status Lost status Source of classification or shelving scheme Damaged status Not for loan Collection code Home library Current library Date acquired Source of acquisition Cost, normal purchase price Total Checkouts Full call number Barcode Date last seen Copy number Cost, replacement price Koha item type
    Dewey Decimal Classification   Not For Loan Non-fiction D.B.Act.Division D.B.Act.Division 18/03/2009 DBAD / PUB 80.00   485 ARU EN-76768 18/03/2009 1 80.00 English Books

© Delhi Public Library
Hit Counter
free hit counter